000 01135cam a2200313 i 4500
999 _c10472
_d10472
001 3204501
003 OCoLC
005 20241126110733.0
008 770727s1977 cau b 000 0 eng
010 _a77010586
020 _a0060611561
020 _a9780060611569
040 _aDLC
_beng
_cDLC
_dBAKER
_dBTCTA
_dYDXCP
_dVLB
_dCTB
_dOCLCQ
_dTXBWN
_dBDX
_dPKFCC
_dOCLCF
050 0 _aBV4211.2
_b.B78 1977
082 _a251
_bBUE
100 1 _aBuechner, Frederick,
_d1926-
_918243
245 1 0 _aTelling the truth :
_bthe Gospel as tragedy, comedy, and fairy tale /
_cFrederick Buechner.
250 _a1st ed.
260 _aSan Francisco :
_bHarper & Row,
_cc1977.
300 _a97 p. ;
_c21 cm.
490 1 _aLyman Beecher lectures, 1977
504 _aIncludes bibliographical references.
505 0 _aTelling the truth -- The gospel as tragedy -- The gospel as comedy -- The gospel as fairy tale
520 _aGift of Union Presby. Church Sustain Trust Fund.
650 0 _aPreaching.
_9404
650 0 _aCommunication
_xReligious aspects
_xChristianity.
_91427
830 0 _aLyman Beecher lectures ;
_v1977.
_918244
942 _2ddc
_cBK